000 00737nam a2200193Ia 4500
001 16604
003 GE_BSU
008 181216s||||||||xx |||||||||||||| ||und||
040 _cGE_BSU
080 _a821.353.1-391
245 _aიგავ-არაკები
245 _cძვ. ქართ. თარგმანიდან გადმოაკეთეს და დაამუშავეს ე. გიუნაშვილმა და ზ. კალანდაძემ.რედ.მ.ზუბადალაშვილი
260 _aთბილისი
260 _bნაკადული
260 _c1986
300 _a151გვ. ; 16სმ
653 _aიგავ-არაკები
942 _cBK
999 _c49671
_d49671